| 000 | 00943nam a22002537a 4500 | ||
|---|---|---|---|
| 003 | BCEG | ||
| 005 | 20260119143653.0 | ||
| 008 | 260119k20062007mx|||||| |||| 00| 0 spa d | ||
| 022 | _214056895 | ||
| 040 |
_aBCEG _bspa _cBCEG |
||
| 245 | 0 | 3 |
_aLa tempestad _b: revista bimestral de artes, literatura, cine, música, arquitectura, diseño, artes visuales y escénicas _h[Revista]. |
| 260 |
_aMéxico : _bImágenes y Movimientos : Servicios Profesionales de Impresión, _c2006-2007. |
||
| 300 |
_av. _b: il., fots. |
||
| 310 | _aIrregular. | ||
| 650 | 1 | 4 |
_aCultura _vPublicaciones periódicas. |
| 650 | 1 | 4 |
_aFotografía _vPublicaciones periódicas. |
| 650 | 1 | 4 |
_aArte _vPublicaciones periódicas. |
| 650 | 1 | 4 |
_aMúsica _vPublicaciones periódicas. |
| 650 | 1 | 4 |
_aCine _vPublicaciones periódicas. |
| 650 | 1 | 4 |
_aLiteratura _xHistoria y crítica _vPublicaciones periódicas. |
| 942 | _cCR | ||
| 999 |
_c437031 _d437031 |
||